[Event "WchT Rapid"]
[Site "London"]
[Date "2025.06.11"]
[Round "2.2"]
[White "Jones, Gawain C B"]
[Black "Dudin, Gleb"]
[Result "0-1"]
[WhiteElo "2635"]
[BlackElo "2454"]
[PlyCount "90"]
[EventDate "2025.06.11"]
[EventType "team-swiss"]
[EventRounds "12"]
[EventCountry "ENG"]
[SourceTitle "CB25_2025"]
[SourceDate "2025.06.18"]
[SourceVersion "1"]
[SourceVersionDate "2025.06.18"]
[SourceQuality "1"]
[WhiteTeam "Malcolm's Mates"]
[BlackTeam "Global Ramblers"]
[WhiteTeamCountry "ENG"]
[BlackTeamCountry "UKR"]

1. Nf3 d5 2. g3 Nf6 3. Bg2 e6 4. 0-0 Be7 5. c4 0-0 6. d4 dxc4 7. Qc2 a6 8. a4 Nc6 9. Nbd2 Nb4 10. Qc3 b5 11. Ne1 Nfd5 12. Qf3 Bb7 13. b3 c3 14. Ne4 Nc6 15. Qd3 b4 16. a5 f5 17. Nc5 Bxc5 18. dxc5 Qe7 19. Qc4 Ne5 20. Qd4 Qf6 21. Bg5 Qxg5 22. Qxe5 Qf6 23. Qxf6 gxf6 24. Nc2 Rab8 25. Nd4 Rfe8 26. c6 Bc8 27. Bxd5 exd5 28. f4 Kf7 29. Rfd1 Ke7 30. Rd3 Kd6 31. Rad1 Kc5 32. Kf2 Be6 33. h3 h5 34. e3 Bf7 35. Rg1 Re4 36. h4 Be8 37. Nxf5 Bxc6 38. g4 Bd7 39. Ng3 Bxg4 40. Nxe4+ dxe4 41. Rd4 Kb5 42. Rd5+ c5 43. f5 Kc6 44. Rxg4 Kxd5 45. Rg1 c4 0-1

[Event "British Rapidplay"]
[Site "Peterborough"]
[Date "2025.03.01"]
[Round "6"]
[White "Gormally, Daniel"]
[Black "Jones, Gawain C B"]
[Result "1/2-1/2"]
[WhiteElo "2428"]
[BlackElo "2654"]
[PlyCount "60"]
[EventDate "2025.03.01"]
[EventType "swiss (rapid)"]
[EventRounds "11"]
[EventCountry "ENG"]
[SourceTitle "CB10_2025"]
[SourceDate "2025.03.05"]
[SourceVersion "1"]
[SourceVersionDate "2025.03.05"]
[SourceQuality "1"]

1. e4 e5 2. Nf3 Nc6 3. Bb5 a6 4. Ba4 Nf6 5. 0-0 d6 6. Bxc6+ bxc6 7. d4 exd4 8. Nxd4 c5 9. Ne2 Be7 10. Nbc3 0-0 11. Ng3 Re8 12. Bf4 Rb8 13. b3 Bg4 14. Qd2 Nh5 15. Nxh5 Bxh5 16. Nd5 Bf8 17. f3 c6 18. Ne3 Rb7 19. Rad1 Rd7 20. c4 f6 21. Qf2 Bf7 22. Rd3 g6 23. Rfd1 Re6 24. h4 h5 25. Qg3 Kh7 26. Qf2 Be7 27. Bg3 Qf8 28. Qd2 Qd8 29. Qf2 Qf8 30. Qd2 Qd8 1/2-1/2

[Event "London Classic Superblitz Final"]
[Site "London"]
[Date "2024.12.07"]
[Round "6"]
[White "Vitiugov, Nikita"]
[Black "Jones, Gawain C B"]
[Result "1-0"]
[WhiteElo "2668"]
[BlackElo "2639"]
[PlyCount "149"]
[EventDate "2024.12.07"]
[EventType "tourn (blitz)"]
[EventRounds "7"]
[EventCountry "ENG"]
[EventCategory "17"]
[SourceTitle "CB04_2025"]
[SourceDate "2025.01.22"]
[SourceVersion "1"]
[SourceVersionDate "2025.01.22"]
[SourceQuality "1"]

1. d4 Nf6 2. Bg5 g6 3. Bxf6 exf6 4. c4 d5 5. e3 dxc4 6. Bxc4 Bd6 7. Nc3 Nd7 8. h4 h5 9. Qc2 c6 10. Nf3 Nb6 11. Bb3 Bf5 12. Qe2 0-0 13. Bc2 Bg4 14. 0-0-0 Nd5 15. Nxd5 cxd5 16. Kb1 Qd7 17. Bd3 a6 18. Rc1 Rfc8 19. Rc2 Rxc2 20. Qxc2 Rc8 21. Qd2 Kg7 22. Ne1 Bf5 23. Bxf5 Qxf5+ 24. Nd3 Bb4 25. Qe2 a5 26. Rd1 Bd6 27. g3 Rc4 28. a3 b5 29. Re1 b4 30. axb4 axb4 31. Qd1 Qd7 32. Qb3 Qb5 33. Rd1 Qa5 34. Rc1 Qa6 35. Rd1 Qb5 36. Rc1 g5 37. Rh1 g4 38. Rc1 Kg6 39. Re1 Kg7 40. Rd1 Qa6 41. Rd2 Qb5 42. Rd1 Rc6 43. Rc1 Rxc1+ 44. Nxc1 Qc4 45. Qc2 Qf1 46. Ka2 Qa6+ 47. Kb1 Qf1 48. b3 Kf8 49. Kb2 Kg8 50. Nd3 Kg7 51. Nc5 Bxc5 52. dxc5 Qa6 53. c6 Qa3+ 54. Kb1 Qa8 55. c7 Qc8 56. Kb2 Kf8 57. Qc5+ Ke8 58. Qd6 Qd7 59. Qb6 Qc8 60. Qc6+ Ke7 61. Kc1 f5 62. Kd2 f4 63. gxf4 Kf8 64. Kd3 Kg7 65. Kd4 g3 66. fxg3 f6 67. Kxd5 Qf5+ 68. Kd6 Qd3+ 69. Qd5 Qa6+ 70. Kd7 Qa7 71. Qd4 Qb7 72. Kd8 Kf7 73. Qd7+ Kg6 74. c8Q Qb6+ 75. Qcc7 1-0

[Event "London Classic 14th"]
[Site "London"]
[Date "2024.11.30"]
[Round "2"]
[White "Royal, Shreyas"]
[Black "Jones, Gawain C B"]
[Result "0-1"]
[WhiteElo "2520"]
[BlackElo "2639"]
[PlyCount "160"]
[EventDate "2024.11.29"]
[EventType "tourn"]
[EventRounds "7"]
[EventCountry "ENG"]
[EventCategory "16"]
[SourceTitle "CB50_2024"]
[SourceDate "2024.11.01"]
[SourceVersion "1"]
[SourceVersionDate "2024.11.01"]
[SourceQuality "2"]

1. d4 Nf6 2. c4 d6 3. Nf3 g6 4. Nc3 Bg7 5. e4 0-0 6. Be2 e5 7. 0-0 h6 8. Re1 Nbd7 9. Qc2 Re8 10. dxe5 Nxe5 11. Nxe5 dxe5 12. Rd1 Bd7 13. Nd5 Nh7 14. Be3 Nf8 15. Qd2 c6 16. Nc3 h5 17. Qd6 Bf6 18. Na4 b6 19. b4 Bg5 20. c5 Bxe3 21. fxe3 Qg5 22. Qd2 Red8 23. Bf3 b5 24. Nc3 a5 25. a3 axb4 26. axb4 Bg4 27. Qf2 Rxa1 28. Rxa1 Rd3 29. Nd1 Be6 30. h4 Qd8 31. Qg3 Bb3 32. Nf2 Rxe3 33. Qxe5 Ba4 34. Qf4 Qd4 35. Rc1 Rd3 36. Qd6 Qxd6 37. cxd6 Rxd6 38. e5 Rd4 39. Rxc6 Rxb4 40. Ne4 Bb3 41. Nf6+ Kg7 42. Rb6 Be6 43. Bc6 Rxh4 44. Rxb5 Rc4 45. Bf3 Nd7 46. Nxd7 Bxd7 47. Ra5 Be6 48. Kf2 Rc2+ 49. Ke3 Kh6 50. Kd3 Rb2 51. Kc3 Rf2 52. Kd4 h4 53. Ke3 Rb2 54. Ra4 Kg5 55. Be2 Rb3+ 56. Kf2 Rc3 57. Re4 Ra3 58. Rb4 Ra5 59. Bb5 Ra2+ 60. Be2 Bd5 61. Rd4 Bb7 62. Ke3 Bc8 63. Rb4 Ra5 64. Bb5 Bb7 65. Rb2 Ba8 66. Kf2 Kf5 67. Bc4 Bd5 68. Bxd5 Rxd5 69. Rb7 Ke6 70. Kf3 Rxe5 71. Rb4 g5 72. Kg4 f6 73. Rb2 Re4+ 74. Kh5 Kf5 75. Rb5+ Re5 76. Rb3 Re2 77. Rf3+ Ke4 78. Rxf6 Rxg2 79. Re6+ Kf4 80. Rf6+ Ke5 0-1

[Event "Olympiad-45"]
[Site "Budapest"]
[Date "2024.09.20"]
[Round "9.4"]
[White "Tran, Tuan Minh"]
[Black "Jones, Gawain C B"]
[Result "0-1"]
[WhiteElo "2434"]
[BlackElo "2646"]
[PlyCount "76"]
[EventDate "2024.09.11"]
[EventType "team-swiss"]
[EventRounds "11"]
[EventCountry "HUN"]
[SourceTitle "EXT 2025"]
[Source "ChessBase"]
[SourceDate "2024.10.14"]
[SourceVersion "1"]
[SourceVersionDate "2024.10.14"]
[SourceQuality "1"]
[WhiteTeam "Vietnam"]
[BlackTeam "England"]
[WhiteTeamCountry "VIE"]
[BlackTeamCountry "ENG"]

1. d4 Nf6 2. c4 g6 3. Nc3 Bg7 4. e4 d6 5. Nf3 0-0 6. Be2 e5 7. Be3 h6 8. d5 Ng4 9. Bd2 f5 10. exf5 Bxf5 11. 0-0 e4 12. Ne1 Qh4 13. Bf4 Ne5 14. Bg3 Qe7 15. Qd2 Nbd7 16. Qe3 Rae8 17. Rd1 Nc5 18. Nb5 Ned3 19. Bxd3 exd3 20. Qxe7 Rxe7 21. Nxd6 cxd6 22. Bxd6 Rxe1 23. Rfxe1 Rc8 24. b3 Ne4 25. Bf4 Nc3 26. Rd2 b5 27. d6 bxc4 28. bxc4 Ne2+ 29. Rdxe2 dxe2 30. Rxe2 Rxc4 31. Re8+ Kh7 32. g3 g5 33. Be3 Rc6 34. Rd8 a6 35. f4 Bf6 36. Rf8 Kg7 37. fxg5 Kxf8 38. gxf6 h5 0-1

[Event "Olympiad-45"]
[Site "Budapest"]
[Date "2024.09.15"]
[Round "5.11"]
[White "Zhao, Zong Yuan"]
[Black "Jones, Gawain C B"]
[Result "0-1"]
[WhiteElo "2478"]
[BlackElo "2646"]
[PlyCount "90"]
[EventDate "2024.09.11"]
[EventType "team-swiss"]
[EventRounds "11"]
[EventCountry "HUN"]
[SourceTitle "EXT 2025"]
[Source "ChessBase"]
[SourceDate "2024.10.14"]
[SourceVersion "1"]
[SourceVersionDate "2024.10.14"]
[SourceQuality "1"]
[WhiteTeam "Australia"]
[BlackTeam "England"]
[WhiteTeamCountry "AUS"]
[BlackTeamCountry "ENG"]

1. d4 Nf6 2. Nf3 g6 3. Nbd2 Bg7 4. e4 0-0 5. c3 d6 6. Bd3 Nc6 7. 0-0 e5 8. Re1 a5 9. dxe5 Nxe5 10. Nxe5 dxe5 11. Nc4 Qe7 12. a4 Rd8 13. Qc2 b6 14. Bf1 Bb7 15. f3 Nh5 16. Be3 Nf4 17. Red1 h5 18. Rxd8+ Rxd8 19. Rd1 Rxd1 20. Qxd1 Ne6 21. Na3 h4 22. Nb5 Bf6 23. Qd2 Bg5 24. Bxg5 Nxg5 25. Be2 h3 26. g3 Bxe4 27. Qe3 Bb7 28. f4 Ne4 29. Bf3 c5 30. Bg4 exf4 31. gxf4 Qd8 32. Bf3 Nf6 33. f5 Bxf3 34. Qxf3 gxf5 35. Qxh3 Ng4 36. Qf3 Qd2 37. h3 Qe1+ 38. Qf1 Qe3+ 39. Kh1 Nf2+ 40. Kh2 Kf8 41. Qg2 Ne4 42. Na3 Nd2 43. Nc2 Nf3+ 44. Kg3 f4+ 45. Kg4 Qe4 0-1

[Event "Olympiad-45"]
[Site "Budapest"]
[Date "2024.09.14"]
[Round "4.10"]
[White "Jones, Gawain C B"]
[Black "Pantsulaia, Levan"]
[Result "1/2-1/2"]
[WhiteElo "2646"]
[BlackElo "2516"]
[PlyCount "103"]
[EventDate "2024.09.11"]
[EventType "team-swiss"]
[EventRounds "11"]
[EventCountry "HUN"]
[SourceTitle "EXT 2025"]
[Source "ChessBase"]
[SourceDate "2024.10.14"]
[SourceVersion "1"]
[SourceVersionDate "2024.10.14"]
[SourceQuality "1"]
[WhiteTeam "England"]
[BlackTeam "Georgia"]
[WhiteTeamCountry "ENG"]
[BlackTeamCountry "GEO"]

1. c4 c5 2. Nf3 g6 3. e4 Bg7 4. d4 d6 5. Nc3 Bg4 6. dxc5 Bxc3+ 7. bxc3 dxc5 8. Qxd8+ Kxd8 9. Ne5 Be6 10. Be3 Nf6 11. 0-0-0+ Ke8 12. Bxc5 Nxe4 13. Bd4 f6 14. Re1 Bf5 15. f3 fxe5 16. Bxe5 Rf8 17. fxe4 Be6 18. Bd4 Nd7 19. Be2 Rc8 20. e5 Bxc4 21. Bf3 Nc5 22. Kb1 b6 23. Rd1 Bd3+ 24. Kb2 Be4 25. Bg4 Rc7 26. Rd2 Na4+ 27. Kb3 Nc5+ 28. Kb2 Na4+ 29. Kb3 Nc5+ 30. Ka3 Rf4 31. h3 Bf5 32. g3 Ne4 33. gxf4 Nxd2 34. Bxf5 gxf5 35. Kb4 Ne4 36. Rg1 Kf7 37. a4 h5 38. h4 Ke6 39. c4 Kf7 40. Rg2 Rd7 41. Bg1 Rd1 42. Kb5 Rb1+ 43. Kc6 Rb4 44. a5 Rxc4+ 45. Kd5 Ra4 46. e6+ Kf8 47. Bd4 Rxa5+ 48. Kc6 Nf6 49. Bxf6 Rc5+ 50. Kd7 Rd5+ 51. Kc6 Rc5+ 52. Kd7 1/2-1/2

[Event "BCF-ch"]
[Site "Hull"]
[Date "2024.08.04"]
[Round "9"]
[White "Jones, Gawain C B"]
[Black "Howell, David"]
[Result "1/2-1/2"]
[WhiteElo "2640"]
[BlackElo "2675"]
[PlyCount "120"]
[EventDate "2024.07.27"]
[EventType "swiss"]
[EventRounds "9"]
[EventCountry "ENG"]
[SourceTitle "CBM 221 Extra"]
[Source "ChessBase"]
[SourceDate "2024.09.30"]
[SourceVersion "1"]
[SourceVersionDate "2024.09.30"]
[SourceQuality "1"]

1. c4 c6 2. Nf3 d5 3. g3 g6 4. Bg2 Bg7 5. d4 Nf6 6. 0-0 0-0 7. Nc3 dxc4 8. e4 Bg4 9. Qe2 e5 10. dxe5 Nfd7 11. Qxc4 Bxf3 12. Bxf3 Nxe5 13. Qe2 Nxf3+ 14. Qxf3 Nd7 15. Be3 Qe7 16. Rad1 Rfd8 17. Qe2 b5 18. Bd4 Ne5 19. Kg2 Qb4 20. Bxe5 Bxe5 21. Rxd8+ Rxd8 22. Rc1 a5 23. f4 Bxc3 24. Rxc3 Rd4 25. e5 Qe7 26. Rxc6 Qb7 27. Qf3 Rd2+ 28. Kh1 Qd7 29. Rd6 Rxd6 30. exd6 Qxd6 31. Qa8+ Kg7 32. Qxa5 Qd5+ 33. Kg1 Qd4+ 34. Kf1 Qd3+ 35. Kf2 Qd4+ 36. Ke2 Qxb2+ 37. Qd2 Qa1 38. Kd3 Qb1+ 39. Kd4 h5 40. Kc5 b4 41. Kb5 Kg8 42. Ka4 Qe4 43. Kb3 Qb1+ 44. Qb2 Qe4 45. Qc2 Qe1 46. f5 gxf5 47. Ka4 Qe4 48. Qxe4 fxe4 49. Kxb4 Kf8 50. Kc3 Ke7 51. Kd4 f5 52. h3 Kd6 53. g4 hxg4 54. hxg4 fxg4 55. Kxe4 Kc5 56. Kf4 Kb4 57. a4 Ka5 58. Kxg4 Kb4 59. a5 Kb5 60. a6 Kxa6 1/2-1/2

[Event "BCF-ch 110th playoff"]
[Site "Hull"]
[Date "2024.08.04"]
[Round "4"]
[White "Jones, Gawain C B"]
[Black "Howell, David"]
[Result "1-0"]
[WhiteElo "2640"]
[BlackElo "2675"]
[PlyCount "135"]
[EventDate "2024.08.04"]
[EventType "match (rapid)"]
[EventRounds "4"]
[EventCountry "ENG"]
[SourceTitle "CBM 221 Extra"]
[Source "ChessBase"]
[SourceDate "2024.09.30"]
[SourceVersion "1"]
[SourceVersionDate "2024.09.30"]
[SourceQuality "1"]

1. c4 c5 2. Nf3 Nf6 3. g3 d5 4. cxd5 Nxd5 5. Bg2 Nc6 6. d4 cxd4 7. Nxd4 Ndb4 8. Nxc6 Qxd1+ 9. Kxd1 Nxc6 10. Bxc6+ bxc6 11. Be3 e5 12. Kd2 a5 13. Rc1 Bb4+ 14. Nc3 a4 15. a3 Ba5 16. Bc5 Rb8 17. Bb4 Bxb4 18. axb4 Rxb4 19. Nxa4 0-0 20. Kc3 Rb5 21. b4 Rd5 22. Nc5 Rfd8 23. Ra8 Kf8 24. Rca1 Bh3 25. f3 h5 26. Ne4 Bf5 27. Nc5 Bh3 28. Nd3 Rxa8 29. Rxa8+ Ke7 30. e4 Rb5 31. Ra7+ Ke8 32. Rc7 Bg2 33. Ne1 Bh1 34. Rxc6 f6 35. Rc7 g5 36. Kc4 Rb8 37. b5 g4 38. fxg4 hxg4 39. Rh7 Rd8 40. Rh8+ Kd7 41. Rxd8+ Kxd8 42. Kd5 Kc7 43. Ke6 Bxe4 44. Kxf6 Kd6 45. b6 Bb1 46. b7 Kc7 47. Kxe5 Kxb7 48. Kf4 Kc6 49. Kxg4 Kd5 50. Nf3 Ke6 51. Kg5 Be4 52. Nd2 Bd5 53. Nf1 Ke5 54. Ne3 Be6 55. h4 Ke4 56. Ng2 Kf3 57. Nf4 Bf7 58. g4 Ke4 59. h5 Ke5 60. h6 Bg8 61. Nh5 Ke6 62. Nf6 Kf7 63. Nxg8 Kxg8 64. Kf6 Kh8 65. g5 Kh7 66. g6+ Kh8 67. g7+ Kg8 68. h7+ 1-0

[Event "BCF-ch"]
[Site "Hull"]
[Date "2024.07.30"]
[Round "4"]
[White "Jones, Gawain C B"]
[Black "Wadsworth, Matthew J"]
[Result "1-0"]
[WhiteElo "2640"]
[BlackElo "2456"]
[PlyCount "77"]
[EventDate "2024.07.27"]
[EventType "swiss"]
[EventRounds "9"]
[EventCountry "ENG"]
[SourceTitle "CBM 221 Extra"]
[Source "ChessBase"]
[SourceDate "2024.09.30"]
[SourceVersion "1"]
[SourceVersionDate "2024.09.30"]
[SourceQuality "1"]

1. Nf3 d5 2. g3 b6 3. Bg2 Bb7 4. 0-0 Nd7 5. d3 Ngf6 6. c4 e6 7. cxd5 Nxd5 8. e4 N5f6 9. Nc3 Be7 10. Bf4 0-0 11. Qc2 c5 12. Rfd1 Nh5 13. Be3 e5 14. a4 a6 15. Qb3 Nhf6 16. Bh3 Bd6 17. Nh4 Nb8 18. Nf5 g6 19. Nxd6 Qxd6 20. f4 Bc8 21. fxe5 Qxe5 22. d4 Qh5 23. Bxc8 Rxc8 24. Rf1 Nbd7 25. h4 cxd4 26. Bxd4 Nc5 27. Qa2 Qg4 28. Be5 Nd3 29. Bd6 Rc6 30. Rxf6 Rxd6 31. Qxf7+ Kh8 32. Ne2 Rxf6 33. Qxf6+ Kg8 34. Qc6 Rd8 35. Qxb6 Qc8 36. Rd1 Kg7 37. Nd4 Nc5 38. Qxd8 Qxd8 39. Nf5+ 1-0

[Event "BCF-ch"]
[Site "Hull"]
[Date "2024.07.27"]
[Round "1"]
[White "Shafi, Declan"]
[Black "Jones, Gawain C B"]
[Result "0-1"]
[WhiteElo "2222"]
[BlackElo "2640"]
[PlyCount "54"]
[EventDate "2024.07.27"]
[EventType "swiss"]
[EventRounds "9"]
[EventCountry "ENG"]
[SourceTitle "CBM 221 Extra"]
[Source "ChessBase"]
[SourceDate "2024.09.30"]
[SourceVersion "1"]
[SourceVersionDate "2024.09.30"]
[SourceQuality "1"]

1. d4 Nf6 2. c4 c5 3. d5 b5 4. cxb5 a6 5. bxa6 e6 6. Nc3 exd5 7. Nxd5 Be7 8. Bf4 Nxd5 9. Qxd5 Nc6 10. e4 0-0 11. Nf3 Rxa6 12. Bc4 Bb7 13. Qd2 Na5 14. Bxa6 Bxa6 15. 0-0-0 Qb6 16. Qc3 Bb5 17. h4 Ra8 18. h5 Qe6 19. h6 f6 20. Ng5 Qxa2 21. Nxh7 Nb3+ 22. Kc2 Ra3 23. Ng5 gxh6 24. Ne6 Nd4+ 25. Nxd4 Rxc3+ 26. Kxc3 Qc4+ 27. Kd2 cxd4 0-1

[Event "Titled Tuesday intern op 23rd Jul Early"]
[Site "Chess.com INT"]
[Date "2024.07.23"]
[Round "5"]
[White "Iskusnyh, Sergei"]
[Black "Jones, Gawain C B"]
[Result "1-0"]
[WhiteElo "2440"]
[BlackElo "2640"]
[PlyCount "169"]
[EventDate "2024.07.23"]
[EventType "swiss (blitz)"]
[EventRounds "11"]
[EventCountry "USA"]
[SourceTitle "EXT 2025"]
[Source "ChessBase"]
[SourceDate "2024.10.14"]
[SourceVersion "1"]
[SourceVersionDate "2024.10.14"]
[SourceQuality "1"]

1. d4 Nf6 2. c4 g6 3. g3 c5 4. Nf3 cxd4 5. Nxd4 d5 6. Bg2 dxc4 7. Qa4+ Nbd7 8. 0-0 e5 9. Nf3 Qc7 10. Nc3 a6 11. Nd2 Bg7 12. Qxc4 Qb8 13. Qb4 Bf8 14. Qb3 Bg7 15. Nc4 0-0 16. Be3 Ng4 17. Bb6 Nxb6 18. Nxb6 Be6 19. Bd5 Bxd5 20. Ncxd5 Nf6 21. Nxf6+ Bxf6 22. Nd7 Qd6 23. Rad1 Qe7 24. Nxf8 Rxf8 25. Rd5 e4 26. e3 b5 27. Rfd1 h5 28. Rd7 Qe5 29. R1d5 Qxb2 30. Qxb2 Bxb2 31. Ra7 Bc3 32. Rxa6 Rc8 33. Kf1 b4 34. Ra7 Rc6 35. Rdd7 Rf6 36. h4 Rf5 37. Ke2 Kg7 38. Rac7 g5 39. hxg5 Kg6 40. Re7 Ra5 41. Rxe4 Rxa2+ 42. Kf1 Bg7 43. Rb7 Bc3 44. Rf4 Ra1+ 45. Kg2 Ra5 46. Rfxf7 Rxg5 47. Rfc7 Ra5 48. Rc6+ Kf5 49. Rcb6 Ke4 50. Rxb4+ Bxb4 51. Rxb4+ Kf5 52. Rh4 Kg6 53. Rd4 Kg5 54. e4 Ra2 55. Kf3 Ra3+ 56. Ke2 Ra2+ 57. Ke3 Ra3+ 58. Rd3 Ra1 59. Kf3 Ra2 60. Rd5+ Kg6 61. Kg2 Re2 62. Kf3 Ra2 63. Ke3 Ra3+ 64. Kf4 Ra2 65. Rd6+ Kg7 66. f3 Ra3 67. Rd5 Kg6 68. Rg5+ Kh6 69. Rg8 Kh7 70. Rb8 Kg6 71. Rg8+ Kh7 72. Rc8 Kg6 73. Rc6+ Kg7 74. e5 Kh7 75. Ke4 Ra4+ 76. Kf5 Ra3 77. e6 Rxf3+ 78. Ke5 Rxg3 79. e7 Re3+ 80. Kf6 h4 81. Kf7 Rf3+ 82. Rf6 Re3 83. e8Q Rxe8 84. Kxe8 h3 85. Rf3 1-0

[Event "Titled Tuesday intern op 23rd Jul Early"]
[Site "Chess.com INT"]
[Date "2024.07.23"]
[Round "3"]
[White "Jones, Gawain C B"]
[Black "Andriasian, Zaven"]
[Result "0-1"]
[WhiteElo "2640"]
[BlackElo "2558"]
[PlyCount "116"]
[EventDate "2024.07.23"]
[EventType "swiss (blitz)"]
[EventRounds "11"]
[EventCountry "USA"]
[SourceTitle "EXT 2025"]
[Source "ChessBase"]
[SourceDate "2024.10.14"]
[SourceVersion "1"]
[SourceVersionDate "2024.10.14"]
[SourceQuality "1"]

1. Nf3 d5 2. g3 Bg4 3. Bg2 Nd7 4. h3 Bxf3 5. Bxf3 Ngf6 6. d3 e6 7. 0-0 c6 8. e4 Bc5 9. Bg2 dxe4 10. dxe4 Qc7 11. Bf4 e5 12. Bd2 0-0 13. b4 Bb6 14. Na3 a5 15. Nc4 axb4 16. Bxb4 Bc5 17. a3 b5 18. Ne3 Rfd8 19. Nf5 g6 20. Nh6+ Kg7 21. Qc1 Bxb4 22. Nf5+ gxf5 23. Qg5+ Kh8 24. axb4 Rxa1 25. Rxa1 fxe4 26. Qf5 Qd6 27. Ra6 h6 28. Bxe4 Nxe4 29. Qxe4 Nf6 30. Qxc6 Qxc6 31. Rxc6 Kg7 32. Rc5 Rd5 33. Rc6 Ne4 34. c4 bxc4 35. Rxc4 f5 36. g4 Kf6 37. gxf5 Kxf5 38. Rc8 Rb5 39. Rc4 Nd6 40. Rc6 Ke6 41. Kg2 Rxb4 42. Rc7 h5 43. Rh7 h4 44. Rh6+ Kd5 45. Rh5 Rf4 46. Rh8 Ne4 47. Rd8+ Ke6 48. Re8+ Kd6 49. f3 Ng5 50. Rd8+ Ke7 51. Rd3 Ke6 52. Ra3 Kf5 53. Rb3 Rd4 54. Rb2 Kf4 55. Rb8 Rd2+ 56. Kf1 Kxf3 57. Rf8+ Ke3 58. Rf5 Nf3 0-1

[Event "Titled Tuesday intern op 23rd Jul Early"]
[Site "Chess.com INT"]
[Date "2024.07.23"]
[Round "2"]
[White "Manvelyan, Mikayel"]
[Black "Jones, Gawain C B"]
[Result "0-1"]
[WhiteElo "2289"]
[BlackElo "2640"]
[PlyCount "62"]
[EventDate "2024.07.23"]
[EventType "swiss (blitz)"]
[EventRounds "11"]
[EventCountry "USA"]
[SourceTitle "EXT 2025"]
[Source "ChessBase"]
[SourceDate "2024.10.14"]
[SourceVersion "1"]
[SourceVersionDate "2024.10.14"]
[SourceQuality "1"]

1. e4 e5 2. Nf3 Nc6 3. Bb5 a6 4. Ba4 Nf6 5. 0-0 d6 6. d4 b5 7. dxe5 Nxe5 8. Nxe5 dxe5 9. Qxd8+ Kxd8 10. Bb3 Bc5 11. Nc3 Bb7 12. Bg5 h6 13. Bxf6+ gxf6 14. Bxf7 Bd4 15. Rad1 Ke7 16. Bd5 c6 17. Bb3 a5 18. a3 Ba6 19. Rfe1 Rhd8 20. Rb1 a4 21. Ba2 Bxc3 22. bxc3 Rd2 23. Rbc1 Rad8 24. f3 h5 25. g3 Bc8 26. c4 Bh3 27. cxb5 Rg2+ 28. Kh1 Rdd2 29. Bc4 Rxh2+ 30. Kg1 Rdg2+ 31. Kf1 Rh1# 0-1

[Event "Titled Tuesday intern op 23rd Jul Early"]
[Site "Chess.com INT"]
[Date "2024.07.23"]
[Round "7"]
[White "Ozates, Tuna"]
[Black "Jones, Gawain C B"]
[Result "0-1"]
[WhiteElo "2290"]
[BlackElo "2640"]
[PlyCount "200"]
[EventDate "2024.07.23"]
[EventType "swiss (blitz)"]
[EventRounds "11"]
[EventCountry "USA"]
[SourceTitle "EXT 2025"]
[Source "ChessBase"]
[SourceDate "2024.10.14"]
[SourceVersion "1"]
[SourceVersionDate "2024.10.14"]
[SourceQuality "1"]

1. c4 g6 2. Nc3 Bg7 3. g3 Nf6 4. Bg2 0-0 5. e4 c5 6. Nge2 Nc6 7. 0-0 d6 8. d3 Rb8 9. h3 Ne8 10. Be3 Nc7 11. d4 b5 12. dxc5 dxc5 13. cxb5 Nxb5 14. Bxc5 Nxc3 15. bxc3 Qa5 16. Bd4 Rd8 17. Qe1 e5 18. Be3 Ba6 19. c4 Bxc4 20. Qxa5 Nxa5 21. Rfe1 Rb2 22. Nc3 Nc6 23. Nd5 Nd4 24. Bxd4 exd4 25. Rac1 Bxd5 26. exd5 d3 27. Red1 d2 28. Rc7 Rxa2 29. Bf3 a5 30. Ra7 Bf8 31. Kg2 Bc5 32. Rc7 Bb4 33. h4 h5 34. Ra7 Rc2 35. Rb7 Rc1 36. Rb5 Kf8 37. Kf1 Re8 38. Kg2 Re1 39. Rxb4 Rcxd1 40. Rd4 Ke7 41. d6+ Kd7 42. Bc6+ Kxc6 43. d7 Rg1+ 44. Kf3 Rb1 45. d8Q d1Q+ 46. Rxd1 Rgxd1 47. Qxa5 Rd3+ 48. Kg2 Rdb3 49. Qd8 Rb7 50. Qe8+ Kd6 51. Qe4 R1b4 52. Qe3 R4b5 53. Qe4 R5b6 54. Qe3 Kd7 55. Qe4 Kd8 56. Qe3 Re6 57. Qd4+ Rd7 58. Qh8+ Ke7 59. Qc3 Red6 60. Qe3+ Kf8 61. Qc5 Kg8 62. Qc3 Rd2 63. Qc8+ Kg7 64. Qc3+ Kg8 65. Qc8+ Kh7 66. Qc4 Re7 67. Qb3 Re6 68. Qc4 Rde2 69. Qc3 R2e5 70. Qc4 Rf5 71. Qd3 Ref6 72. f4 Re6 73. Qd7 Kg7 74. Kf3 Rff6 75. Qd4 Kg8 76. Qd8+ Kh7 77. Qd4 Rf5 78. Qd7 Ra6 79. Kf2 Ra2+ 80. Kf3 Ra3+ 81. Kf2 Kg7 82. Qd4+ Rf6 83. Qe5 Ra2+ 84. Kf3 Ra3+ 85. Kf2 Raa6 86. Kf3 Rae6 87. Qd4 Kh7 88. Kf2 Rf5 89. Qd7 Ra6 90. Kf3 Ra2 91. Qc7 Ra3+ 92. Kf2 Kg7 93. Qd6 Ra4 94. Qc6 Rfa5 95. Qc3+ Kg8 96. Qc8+ Kh7 97. Qc7 Ra2+ 98. Kg1 Ra7 99. Qc4 Rb2 100. Qc3 Ra1+ 0-1

[Event "ENG-ch"]
[Site "Kenilworth"]
[Date "2024.06.23"]
[Round "7"]
[White "Wells, Peter K"]
[Black "Jones, Gawain C B"]
[Result "0-1"]
[WhiteElo "2354"]
[BlackElo "2633"]
[PlyCount "118"]
[EventDate "2024.06.20"]
[EventType "swiss"]
[EventRounds "7"]
[EventCountry "ENG"]
[SourceTitle "CBM 220 Extra"]
[Source "ChessBase"]
[SourceDate "2024.07.31"]
[SourceVersion "1"]
[SourceVersionDate "2024.07.31"]
[SourceQuality "1"]

1. e4 e5 2. Nf3 Nc6 3. Bb5 a6 4. Ba4 Nf6 5. 0-0 d6 6. c3 Bd7 7. d4 g6 8. Bxc6 Bxc6 9. dxe5 Nxe4 10. Nbd2 Nc5 11. Re1 Be7 12. exd6 cxd6 13. Nb3 0-0 14. Nxc5 dxc5 15. Qxd8 Bxd8 16. Bh6 Re8 17. Ne5 Ba4 18. b3 f6 19. Nxg6 Rxe1+ 20. Rxe1 Bxb3 21. axb3 hxg6 22. c4 g5 23. h4 Kf7 24. hxg5 fxg5 25. f4 g4 26. Bg5 Bxg5 27. fxg5 Rd8 28. Re5 Rd3 29. Rxc5 Rxb3 30. Kf2 Kg6 31. Rd5 Kh5 32. c5 a5 33. c6 bxc6 34. Rxa5 Rb5 35. Ra8 Kxg5 36. Rg8+ Kf4 37. g3+ Kf5 38. Rf8+ Ke6 39. Rg8 Rb4 40. Ke3 Kd6 41. Rg5 Ra4 42. Rg8 Kc5 43. Rg5+ Kb6 44. Ke2 c5 45. Ke3 Kb5 46. Ke2 Rd4 47. Ke3 Kc4 48. Ke2 Re4+ 49. Kd2 Kb4 50. Rg8 Kb3 51. Rb8+ Rb4 52. Rc8 c4 53. Rc5 Rb8 54. Rg5 c3+ 55. Kc1 Rf8 56. Rb5+ Kc4 57. Rg5 Rf1+ 58. Kc2 Rf2+ 59. Kc1 Rg2 0-1

[Event "ENG-ch"]
[Site "Kenilworth"]
[Date "2024.06.22"]
[Round "6"]
[White "Jones, Gawain C B"]
[Black "Fernandez, Daniel Howard"]
[Result "1/2-1/2"]
[WhiteElo "2633"]
[BlackElo "2526"]
[PlyCount "98"]
[EventDate "2024.06.20"]
[EventType "swiss"]
[EventRounds "7"]
[EventCountry "ENG"]
[SourceTitle "CBM 220 Extra"]
[Source "ChessBase"]
[SourceDate "2024.07.31"]
[SourceVersion "1"]
[SourceVersionDate "2024.07.31"]
[SourceQuality "1"]

1. c4 c6 2. Nf3 d5 3. g3 g6 4. Bg2 Bg7 5. 0-0 Nf6 6. b3 0-0 7. Bb2 Bg4 8. d3 a5 9. Nbd2 Nfd7 10. d4 Na6 11. Ne1 Nb6 12. cxd5 Nxd5 13. Nd3 Nab4 14. Nc4 Nxd3 15. Qxd3 Nb6 16. Rfd1 Be6 17. Ba3 Re8 18. Rab1 Qc7 19. e3 Bf5 20. e4 Bg4 21. Rd2 Rad8 22. Qe3 Nc8 23. Qg5 b5 24. Qxg4 bxc4 25. Bc5 e5 26. bxc4 exd4 27. f4 Bf8 28. Bxf8 Rxf8 29. Qg5 Qa7 30. Rd3 Nd6 31. e5 Nxc4 32. f5 Nxe5 33. f6 Nd7 34. Rf1 Kh8 35. Bxc6 Qc5 36. Qh6 Rg8 37. Bxd7 Rxd7 38. g4 Qf8 39. Qg5 h6 40. Qxa5 Kh7 41. Rh3 d3 42. Qd2 Rd4 43. Rf4 Rxf4 44. Qxf4 Qc5+ 45. Kf1 g5 46. Qe4+ Rg6 47. Rxd3 Qc1+ 48. Kg2 Qc2+ 49. Kh3 Qxa2 1/2-1/2